| 000 | 00000nam 2200000za 4500 |
| 001 | 9.696454 |
| 003 | CaOODSP |
| 005 | 20221107134517 |
| 007 | cr ||||||||||| |
| 008 | 150407s2001||||xxc|||||o f|0| 0 eng d |
| 040 | |aCaOODSP|beng |
| 043 | |an-cn--- |
| 086 | 1 |aF2-154/2001E-PDF |
| 110 | 1 |aCanada. |bDepartment of Finance. |
| 245 | 10|aAmendments to the Excise Tax Act |h[electronic resource] : |bexplanatory notes / |cpublished by the Honourable Paul Martin, Minister of Finance. |
| 260 | |aOttawa : |bFinance Canada,|c2001. |
| 300 | |a81p. |
| 500 | |aThe catalogue number (F2-154/2001E) and ISBN (0-660-18477-X) for the print edition have been incorrectly copied in this electronic publication. |
| 500 | |aIssued also in French under title: Modifications de la Loi sur la taxe d'accise. |
| 590 | |a12-33-Supp|b2012-07-18 |
| 690 | 07|aAmendments|2gcpds |
| 690 | 07|aCustoms and excise|2gcpds |
| 775 | 08|tModifications de la Loi sur la taxe d'accise |w(CaOODSP)9.640569 |
| 776 | 0#|tAmendments to the Excise Tax Act : |w(CaOODSP)9.648048 |
| 856 | 40|ahttp://publications.gc.ca|qPDF|s475 KB|uhttps://publications.gc.ca/collections/Collection/F2-154-2001E.pdf |